000 00582nam a2200193 a 4500
001 000025859
005 20200930024115.0
008 110223s1983 xxu r 000 0 eng d
020 _a0316112232
040 _aDO-SdBNP
_beng
_cBNPHU
082 _ann*
_bnn*
100 1 _aBrownin, Edgar K.
_952699
245 1 0 _aMicoeconomic theory and appications /
_cEdgar K. Browning y Jacquelene M. Browning.
260 _aBoston :
_bLittle, Brown and Company,
_c1983.
300 _a583 p. ;
_c24 cm.
500 _aIncluye índice.
700 1 _aBrowning, Jacquelene M.
_952700
049 _aBNGR
999 _c25351
_d25351